| Tag |
First Indicator |
Second Indicator |
Subfields |
| LEADER |
00000cam a2200000 i 4500 |
| 001 |
in00005647705 |
| 008 |
240328t20242024ctuac bc 001 0 eng c |
| 005 |
20250622022531.5 |
| 035 |
|
|
|a (OCoLC)on1428037192
|
| 040 |
|
|
|a YDX
|b eng
|e rda
|c YDX
|d AVA
|d INU
|d OCLCO
|d NTE
|d NZAUC
|d OCLCO
|d XII
|d IG#
|d NYP
|
| 019 |
|
|
|a 1474543788
|a 1485234749
|
| 020 |
|
|
|a 9780300273755
|
| 020 |
|
|
|a 0300273754
|q (hardcover)
|
| 035 |
|
|
|a (OCoLC)1428037192
|z (OCoLC)1474543788
|z (OCoLC)1485234749
|
| 042 |
|
|
|a pcc
|
| 050 |
|
4 |
|a DA685.B65
|b H86 2024
|
| 082 |
0 |
4 |
|a 779.2
|2 23
|
| 100 |
1 |
|
|a Humm, Maggie,
|e author.
|1 https://id.oclc.org/worldcat/entity/E39PCjH47HFkTkQ9THTf8JF8BX
|
| 245 |
1 |
4 |
|a The Bloomsbury photographs /
|c Maggie Humm.
|
| 264 |
|
1 |
|a New Haven ;
|a London :
|b Yale University Press,
|c [2024]
|
| 264 |
|
4 |
|c ©2024
|
| 300 |
|
|
|a 3 preliminary leaves, 233 pages :
|b illustrations, portraits ;
|c 28 cm
|
| 336 |
|
|
|a text
|b txt
|2 rdacontent
|
| 336 |
|
|
|a still image
|b sti
|2 rdacontent
|
| 337 |
|
|
|a unmediated
|b n
|2 rdamedia
|
| 338 |
|
|
|a volume
|b nc
|2 rdacarrier
|
| 504 |
|
|
|a Includes bibliographical references (pages 216-221) and index.
|
| 520 |
|
|
|a "Photography framed the world of the Bloomsbury Group. The thousands of photographs surviving in albums kept by Virginia Woolf, Vanessa Bell, Dora Carrington, and Lytton Strachey, among others, today offer us a private insight into their lives. Maggie Humm brings together a curated selection of these photographs to offer us a fresh portrait of the Bloomsbury Group, showing them in a new, domestic intimacy. She brings to life the texture of Bloomsbury: their pastimes, children, clothes, houses, servants, pets, holidays. Several photographs are blurred as if taken in a hurried moment of time, and unguarded close-ups reflect complex personal relationships. The Bloomsbury Photographs are not simply documents, but testimonies of relationships, friendships, and the significance of empathetic lives."--
|c Provided by publisher.
|
| 505 |
0 |
0 |
|g Preface and acknowledgements --
|t Bloomsbury photographs --
|t Lytton Strachey and Dora Carrington --
|t Virginia Woolf and Vanessa Bell : the early years --
|t Virginia Woolf and Vanessa Bell : the light and the air 1904-1929 --
|t Virginia Woolf and Vanessa Bell : the 1930s --
|g Conclusion --
|g Catalogue of the Monk's House Albums --
|g Abbreviations --
|g Notes --
|g Bibliography --
|g Picture credits --
|g Index.
|
| 600 |
1 |
0 |
|a Strachey, Lytton,
|d 1880-1932.
|
| 600 |
1 |
0 |
|a Carrington, Dora de Houghton,
|d 1893-1932.
|
| 600 |
1 |
0 |
|a Woolf, Virginia,
|d 1882-1941.
|
| 600 |
1 |
0 |
|a Bell, Vanessa,
|d 1879-1961.
|
| 650 |
|
0 |
|a Bloomsbury group
|x History.
|
| 650 |
|
0 |
|a Bloomsbury group
|v Catalogs.
|
| 650 |
|
0 |
|a Photograph albums
|z England.
|
| 650 |
|
6 |
|a Groupe de Bloomsbury
|x Histoire.
|
| 650 |
|
6 |
|a Groupe de Bloomsbury
|v Catalogues.
|
| 655 |
|
7 |
|a Livres de photographies.
|2 rvmgf
|
| 852 |
8 |
|
|b POD
|z This title is available for the library to purchase for your use. Click the "Purchase It For Me" button to place a request. This item will take 5-10 business days to arrive.
|
| 955 |
|
|
|a Print PDA title
|
| 961 |
|
|
|m 565730
|
| 999 |
f |
f |
|s 714f62ac-e25e-4ac4-aef0-02962cec566a
|i ddf8080e-ce37-43c7-bc15-d2e7764970ca
|t 0
|
| 952 |
f |
f |
|a Texas A&M University
|b College Station
|c Sterling C. Evans Library
|d Purchase on Demand
|t 0
|e DA685.B65 H86 2024
|h Library of Congress classification
|
| 998 |
f |
f |
|a DA685.B65 H86 2024
|t 0
|l Purchase on Demand
|